北京明清古城城门地图 Map of the gates of Beijing Ancient City - Statistics

General Stats
  • This quiz has been taken 35 times
  • The average score is 23 of 32
Answers on the Map
Answers color-coded by a green-red scale on the quiz's map according to % correct below.
 
Answer Stats
分类 城门 % Correct
内九门 正阳门
100%
宫城四门 午门
100%
内九门 崇文门
97%
内九门 东直门
97%
内九门 西直门
97%
内九门 宣武门
97%
皇城四门 天安门
97%
内九门 朝阳门
93%
内九门 德胜门
90%
外七门 东便门
90%
外七门 西便门
90%
皇城四门 地安门
86%
内九门 安定门
79%
外七门 广渠门
79%
外七门 左安门
79%
外七门 右安门
79%
外七门 广安门
79%
新开城门 建国门
76%
新开城门 复兴门
72%
外七门 永定门
69%
内九门 阜成门
66%
宫城四门 神武门
66%
新开城门 和平门
62%
皇城四门 西安门
59%
龙脉口四门 端门
59%
皇城四门 东安门
55%
宫城四门 东华门
55%
宫城四门 西华门
55%
龙脉口四门 中华门
55%
龙脉口四门 长安左门
17%
龙脉口四门 长安右门
17%
新开城门 水关门
10%
No matching quizzes found
Score Distribution
Percent of People with Each Score
Percentile by Number Answered
Your Score History
You have not taken this quiz